El derecho de los niños a ser escuchados aplicado a los procesos de los tribunales de familia /
Se realiza una revisión doctrinaria y legislativa de los derechos de los niños sobre expresar su opinión y ser escuchados bajo el marco del CIDN./WMV
Na minha lista:
| Autor principal: | |
|---|---|
| Formato: | Texto |
| Idioma: | Spanish |
| Assuntos: | |
| Tags: |
Adicionar Tag
Sem tags, seja o primeiro a adicionar uma tag!
|
MARC
| LEADER | 00000 a a2200000 04500 | ||
|---|---|---|---|
| 001 | 26093 | ||
| 003 | cru CRAI/IIS | ||
| 005 | 20210312145225.0 | ||
| 008 | 210312b ||||| |||| 00| 0 spa d | ||
| 040 | |c cru CRAI/IIS | ||
| 100 | 1 | |a Gutiérrez Ayesta, Verónica |9 9889 |e Autora | |
| 245 | 1 | 3 | |a El derecho de los niños a ser escuchados aplicado a los procesos de los tribunales de familia / |c Verónica Gutiérrez Ayesta |
| 300 | |a páginas 453-464 | ||
| 520 | |a Se realiza una revisión doctrinaria y legislativa de los derechos de los niños sobre expresar su opinión y ser escuchados bajo el marco del CIDN./WMV | ||
| 650 | |a LEGISLACION | ||
| 650 | |a DERECHOS DEL NIÑO | ||
| 651 | 0 | |9 3346 |a ARGENTINA | |
| 942 | |2 ddc |c LI | ||
| 999 | |c 13837 |d 13837 | ||
| 773 | 0 | |0 43626 |9 5231 |a Jornadas Internacionales de Investigación Social sobre Infancia y Adolescencia, la Convención de los derechos del Niño y las Prácticas Sociales. |d Córdoba, Argentina : UNICEF; Fundación Antorchas; Fundación INCIDE; Municipalidad de Córdoba ; Colegio de Profesionales de Trabajo Social de Córdoba ; Colegio de Escribanos de la Provincia de Cordoba, 2000 |o 21150 |t Ponencias / | |
